|
|
|
|
| LEADER |
00000ntm a22000007u 4500 |
| 001 |
zp32163 |
| 041 |
|
|
|a cze
|
| 100 |
1 |
|
|a Horsáková, Ludmila
|4 dis
|
| 245 |
1 |
0 |
|a Podmínky soužití mladých dospělých potomků s rodiči pod jednou střechou
|
| 246 |
|
|
|a Living Conditions of Young Adult Descendants and their Parents in the Same Household
|
| 260 |
|
|
|c 2013
|
| 300 |
|
|
|a 62 s. (23 959 znaků)
|
| 500 |
|
|
|a Studijní obor: Sociální pedagogika
|
| 500 |
|
|
|a Studijní obor: Social pedagogy
|
| 500 |
|
|
|a Ústav: Ústav pedagogických věd
|
| 500 |
|
|
|a Univerzita Tomáše Bati ve Zlíně. Fakulta humanitních studií
|
| 500 |
|
|
|a Tomas Bata University in Zlín. Faculty of Humanities
|
| 506 |
|
|
|a Bez omezení
|
| 653 |
|
|
|a rodina
|
| 653 |
|
|
|a životní cyklus rodiny
|
| 653 |
|
|
|a výchova
|
| 653 |
|
|
|a děti
|
| 653 |
|
|
|a citová vazba
|
| 653 |
|
|
|a komunikace
|
| 653 |
|
|
|a mezigenerační vztahy v rodině
|
| 653 |
|
|
|a kvalitativní výzkum
|
| 653 |
|
|
|a rozhovor
|
| 653 |
|
|
|a a family
|
| 653 |
|
|
|a family life cycle
|
| 653 |
|
|
|a education
|
| 653 |
|
|
|a children
|
| 653 |
|
|
|a emotional relations
|
| 653 |
|
|
|a communication
|
| 653 |
|
|
|a intergeneration relations in families
|
| 653 |
|
|
|a a qualitative research
|
| 653 |
|
|
|a a dialog
|
| 655 |
|
4 |
|a bakalářská práce
|
| 700 |
1 |
|
|a Kočvarová, Ilona
|4 ths
|
| 710 |
2 |
|
|a Univerzita Tomáše Bati ve Zlíně. Fakulta humanitních studií
|4 dgg
|
| 710 |
2 |
|
|a Tomas Bata University in Zlín. Faculty of Humanities
|4 dgg
|
| 856 |
4 |
0 |
|u http://hdl.handle.net/10563/21483
|y Plný text v Digitální knihovně UTB
|